000 00910 a2200445 4500
000 BKB
001 071958
005 20200902151118.0
008
010 _a
020 _a
082 _a514.32
_bS84I
100 1 _aSutherland, Wilson A.
110 _a
245 1 _aIntroduction to metric and topological spaces
_cby Wilson A. Sutherland
250 _a2nd ed.
260 _aNew York
_bOxford University Press
_c2009
300 _a206p.
490 _a
_v
500 _a
600 _a
610 _a
611 _a
630 _a
650 _a
651 _a
654 _a
690 _aTopological spaces; Metric spaces
700 _a
_b
_c
710 _a
_b
_c
711 _a
720 _a
730 _a
740 _a
752 _a
856 _a
_d
_f
904 _a
964 _a
_b
_c
_d
_e
_f
_g
965 _a
999 _c5225
_d5225